| 000 | 00658nam a2200229Ia 4500 | ||
|---|---|---|---|
| 005 | 20240206100016.0 | ||
| 008 | 131103s9999 xx 000 0 und d | ||
| 040 | _aLoreto College | ||
| 041 | _aEnglish | ||
| 082 |
_a370.15 _bFOX |
||
| 100 | _aFox,Clarles | ||
| 245 |
_aEducational Psychology, _b _cClarles Fox |
||
| 250 | _anew ed. | ||
| 260 |
_aLondon : 1935 _bKegan Paul _cits problems and methods |
||
| 300 | _axii,442 p. | ||
| 440 | _aInternational Library of Psychology Philosophy and Scientific Method | ||
| 504 | _aSecond impression 1946 | ||
| 650 | _aEducation | ||
| 651 | _aEducational Psychology | ||
| 850 | _aLCLIB | ||
| 942 | _cBK | ||
| 999 |
_c3478 _d53957 |
||